[Event "Greifswald Ryck op 24th"]
[Site "Greifswald"]
[Date "2023.07.21"]
[Round "4"]
[White "Decker, Nils1111"]
[Black "Krambeer, Matti"]
[Result "1/2-1/2"]
[WhiteElo "1352"]
[BlackElo "1564"]
[PlyCount "114"]
[EventDate "2023.07.19"]
[EventType "swiss"]
[EventRounds "7"]
[EventCountry "GER"]
[SourceTitle "CBM 215 Extra"]
[Source "ChessBase"]
[SourceDate "2023.09.30"]
[SourceVersion "1"]
[SourceVersionDate "2023.09.30"]
[SourceQuality "1"]

1. e4 c5 2. d3 Nc6 3. f4 e6 4. Nf3 d5 5. Be2 dxe4 6. dxe4 Qxd1+ 7. Bxd1 Nf6 8. Nc3 Be7 9. Be3 0-0 10. Be2 Rd8 11. 0-0 Bd7 12. Rfd1 Be8 13. Rd3 Rxd3 14. Bxd3 Nb4 15. Rd1 Rd8 16. a3 Nxd3 17. Rxd3 Rxd3 18. cxd3 Bc6 19. Ne5 Be8 20. h3 Bd6 21. Nc4 Be7 22. Kf2 b6 23. b3 Bc6 24. Ne5 Be8 25. a4 Bd6 26. Nc4 Bc7 27. Kf3 Bc6 28. Bf2 Nd7 29. Ke3 e5 30. Bg3 f6 31. Nd5 exf4+ 32. Bxf4 Bxf4+ 33. Nxf4 Kf8 34. Ne6+ Kg8 35. Nd6 a6 36. Nd8 Ba8 37. Ne6 Bc6 38. Ne8 Nb8 39. N8c7 Bd7 40. Nf4 Kf7 41. Nfd5 b5 42. Nb6 bxa4 43. Nxa4 Bxa4 44. bxa4 a5 45. Kd2 Ke7 46. Kc3 Kd7 47. Nd5 Kd6 48. Ne3 g6 49. Ng4 Nd7 50. Kc4 Kc6 51. Ne3 Nb6+ 52. Kb3 Kd6 53. Ng4 Nd7 54. Kc4 Kc6 55. g3 Ne5+ 56. Nxe5+ fxe5 57. h4 h5 1/2-1/2